| 000 | 00595nam a22001577a 4500 | ||
|---|---|---|---|
| 999 |
_c534572 _d534572 |
||
| 020 | _qHard Cover. | ||
| 082 | _a620.44 | ||
| 100 | _aKhalid, Saad Mehmood | ||
| 245 |
_aInvestigating Dielectric and Mechanical Properties of Nano Composites of Polystyrene (PS), Polyaniline (PANI)&MoS2 Nano-Sheets / _cSaad Mehmood Khalid. |
||
| 260 |
_aIslamabad: _bSCME - NUST, _c2017. |
||
| 300 |
_a45 p. : _bill. ; _c30cm. |
||
| 942 |
_2ddc _cTHE |
||
| 650 |
_aMaterial and Surface Engineering MS-Thesis. _916443 |
||
| 700 |
_aDr. Ahmad Nawaz Khan _928380 |
||